000
00277nam a2200109Ia 4500
008
220204s9999 xx 000 0 und d
082
_a
82-3
_b
MAT
100
_a
Mather, Ann
245
0
_a
Come running, For the love of sara
260
_a
London
_b
Mills and Boon
_c
1976
942
_c
BK
999
_c
33177
_d
33177